Evropská měnová unie - rival USA

Zavedenie jednotnej európskej meny euro od 1. 1. 1999 ako významný krok Európy v posilnení svojej pozície v globálnej ekonomike. Riadenie menovej politiky v krajinách EMU. Ekonomicko-politické vzťahy EMU, Japonska a USA. Porovnanie základných údajov. Podiel na svetovom obchode, kapitálové trhy, rast...

Descrizione completa

Salvato in:
Dettagli Bibliografici
Autore principale: Ziegler, Kamil
Altri autori: Šilha, Roman
Natura: Capitolo di libro
Lingua:ceco
Soggetti:
Tags: Aggiungi Tag
Nessun Tag, puoi essere il primo ad aggiungerne!!

MARC

LEADER 00000naa a2200000 4500
001 r032893
005 20230920095238.1
041 0 |a cze 
044 |a CZ 
245 1 0 |a Evropská měnová unie - rival USA  |c Kamil Ziegler, Roman Šilha 
520 |a Zavedenie jednotnej európskej meny euro od 1. 1. 1999 ako významný krok Európy v posilnení svojej pozície v globálnej ekonomike. Riadenie menovej politiky v krajinách EMU. Ekonomicko-politické vzťahy EMU, Japonska a USA. Porovnanie základných údajov. Podiel na svetovom obchode, kapitálové trhy, rast HDP, miera nezamestnanosti, fiškálna politika, menová politika, výmenné kurzy a devízové rezervy. 
610 2 0 |a Európska únia 
610 2 0 |a únie menové 
610 2 0 |a euro 
610 2 0 |a Japonsko 
610 2 0 |a USA 
610 2 0 |a politika menová 
610 2 0 |a obchod svetový 
610 2 0 |a trh kapitálový medzinárodný 
610 2 0 |a produkt domáci hrubý 
610 2 0 |a miera nezamestnanosti 
610 2 0 |a kurz výmenný 
100 1 |a Ziegler, Kamil 
700 1 |a Šilha, Roman